banner-ar

المسرح المصرى القديم / (Record no. 38317)

MARC details
000 -الفاتح
حقل البيانات ثابتة الطول 00945nam a2200241Ia 4500
005 - وقت وتاريخ اخر تعامل مع التسجيلة
رقم الضبط 20240530103312.0
008 - عناصر البيانات ثابتة الطول - معلومات عامة
حقل البيانات ثابتة الطول 140319s9999 xx 000 0 ara d
040 ## - مصدر الفهرسة
وكالة الفهرسة الأصلية GCL /
وكالة النسخ GCL
082 04 - رقم تصنيف ديوى العشرى
رقم المادة 793/
-- د م
110 1# - المدخل الرئيسى - إسم هيئة
اسم الهيئة أو اسم السلطة كمدخل دريوتون، اتيين
245 12 - بيان العنوان
العنوان المسرح المصرى القديم /
بيان المسئوليه,etc تاليف اتيين دريوتون ؛ ترجمة وتقديم ثروت عكاشة ؛ مراجعة عبدالمنعم ابوبكر
260 ## - PUBLICATION, DISTRIBUTION, ETC. (IMPRINT)
تاريخ النشر أو التوزيع 1989.
300 ## - الوصف المادى
التعداد 178 ص
650 04 - المدخل الاضافى بالموضوع-مصطلح موضوعى
مصطلح موضوعي المسرح
650 04 - المدخل الاضافى بالموضوع-مصطلح موضوعى
مصطلح موضوعي الفن المصرى القديم
650 04 - المدخل الاضافى بالموضوع-مصطلح موضوعى
مصطلح موضوعي المسرحيات الدينية
650 04 - المدخل الاضافى بالموضوع-مصطلح موضوعى
مصطلح موضوعي المسرحيات المصرية القديمة
650 04 - المدخل الاضافى بالموضوع-مصطلح موضوعى
مصطلح موضوعي المسرح المصرى
700 0# - المدخل الاضافى - اسم شخصى
رمز الرابط ثروت عكاشة
الدور مترجم ومقدم
700 0# - المدخل الاضافى - اسم شخصى
الإسم الشخصى عبدالمنعم ابوبكر
الدور مراجع
942 ## - عناصر المدخل الإضافي( كوها)
مصدر التصنيف او مخطط الترفيف Dewey Decimal Classification
Koha [default] item type كتاب
260 ## - PUBLICATION, DISTRIBUTION, ETC. (IMPRINT)
-- القاهرة :
-- الهيئة المصرية العامة للكتاب،
Holdings
حالة التراجع حالة الفقد مصدر التصنيف او خطة الترفيف حالة تلف ليس للاعارة المكان المؤقت الموقع الحالى تاريخ الاكتساب اجمالي اﻻعارات رقم الطلب الباركود تاريخ اخر مشاهدة تاريخ تفعيل السعر نوع وعاء كوها موقع الترفيف
    ddc     مكتبة القاهرة الكبرى مكتبة القاهرة الكبرى 03/26/2014   793\د م 93454 03/26/2014 03/26/2014 كتاب  
    ddc     مكتبة القاهرة الكبرى مكتبة القاهرة الكبرى 04/02/2019   793\د م 165747 04/02/2019 04/02/2019 كتاب  
    ddc     مكتبة القاهرة الكبرى مكتبة القاهرة الكبرى 10/13/2019   793/د م 166615 10/13/2019 10/13/2019 كتاب  
    ddc     مكتبة القاهرة الكبرى مكتبة القاهرة الكبرى 11/27/2019   793/ 166756 11/27/2019 11/27/2019 كتاب  
    ddc     مكتبة القاهرة الكبرى مكتبة القاهرة الكبرى 11/27/2019   793/ 166757 11/27/2019 11/27/2019 كتاب  

Powered By

EGPV